000 00640nam a2200229Ia 4500
003 OSt
005 20220928103048.0
006 a|||||r|||| 00| 0
007 ta
008 220927b |||||||| |||| 00| 0 eng d
024 _a135496
037 _cTextual
040 _aSDCL
_cSDCL
_beng
041 _2eng
_aeng
082 _aR:(Sigma), L7
100 _aHollis Martin
_9371177
245 0 _aModels of man
_b Philosophical thoughts on social action.
260 _aLondon
_bCambridge University Press
_c1977
300 _a195p.
_ccm.
942 _hR:(Sigma), L7
_cTEXL
_2CC
999 _c717839
_d717839